Tilastot visalle Itämeren saaret

Klikkaa tästä pelataksesi tätä visaa!

Yleistilastot

  • Tätä visaa on pelattu 55 kertaa
  • Keskiarvotulos 6 / 15

Vastaustilastot

AreaCountryIsland% Oikein
2 994 km²RuotsiGotlanti
95%
685 km²SuomiAhvenanmaa
90%
2 673 km²ViroSaarenmaa
88%
989 km²ViroHiidenmaa
78%
1 342 km²RuotsiÖölanti
68%
201 km²SuomiHailuoto
66%
588 km²TanskaBornholm
46%
560 km²SuomiKemiönsaari
44%
198 km²ViroMuhu
17%
1 243 km²TanskaLolland
12%
935 km²SaksaRügen
10%
445 km²Saksa/PuolaUsedom
5%
514 km²TanskaFalster
0%
218 km²TanskaMøn
0%
265 km²PuolaWolin
0%

Tulosjakauma

Persentiili vastausten määrän mukaan

Jokaisen tuloksen saaneiden osuus

Tuloshistoriasi

Et ole pelannut tätä visaa